Statistics for Players To Have Played In Bundesliga And For England

Click here to take the quiz!

General Stats

  • This quiz has been taken 38 times
  • The average score is 4 of 9

Answer Stats

ClubAnswer% Correct
Borussia Dortmund 2020-23Jude Bellingham
91%
Borussia Dortmund 2017-2021Jadon Sancho
89%
Bayern Munich 2023Harry Kane
86%
SV Hamburg 1977-80Kevin Keegan
51%
Bayern Munich 2000-2007Owen Hargreaves
37%
Bayer Leverkusen 2022-23Callum Hudson Odoi
17%
FC Koln 1979-82 1986-88Tony Woodcock
17%
RB Liepzig 2017-2018Emile Smith Rowe
11%
Werder Bremen 1979-80Dave Watson
6%

Score Distribution

Percentile by Number Answered

Percent of People with Each Score

Your Score History

You have not taken this quiz